[Event "Amber-blindfold 09th"]
[Site "Monte Carlo"]
[Date "2000.03.16"]
[Round "1"]
[White "Topalov, Veselin"]
[Black "Ivanchuk, Vassily"]
[Result "1-0"]
[WhiteElo "2702"]
[BlackElo "2709"]
[Annotator "Stohl,I"]
[PlyCount "65"]
[EventDate "2000.03.16"]
[EventType "tourn (rapid)"]
[EventRounds "11"]
[EventCountry "MNC"]
[EventCategory "18"]
[SourceTitle "CBM 076"]
[Source "ChessBase"]
[SourceDate "2000.05.31"]
[SourceVersion "1"]
[SourceVersionDate "2000.05.31"]
[SourceQuality "1"]

1. e4 c5 2. Nf3 d6 3. d4 cxd4 4. Nxd4 Nf6 5. Nc3 a6 6. Be3 e5 {The typical
Najdorf move.} (6... e6 7. g4 e5 8. Nf5 g6 9. g5 gxf5 10. exf5 d5 11. gxf6 d4
12. Bc4 Qc7 13. Qd3 dxe3 14. O-O-O exf2 15. Bxf7+ Kxf7 16. Qd5+ Kxf6 17. Ne4+
Ke7 18. Nd6 Bh6+ 19. Kb1 Kf6 20. Rhf1 $5 Rf8 $1 21. Rxf2 Nc6 22. Qc4 Kg7 $5 (
22... Bf4 $2 23. Rxf4 exf4 24. Qc3+ Kg5 25. Rg1+ Kh4 26. Qf3 {1-0,Shirov,A-Van
Wely,L/Amber rapid/2000/}) 23. Rg1+ Kh8 24. Rfg2 Bxf5 25. Nxf5 b5 26. Qe6 Nd4
27. Nxd4 Be3 28. Rg8+ Rxg8 29. Qf6+ Rg7 30. Ne6 Qf7 31. Qxg7+ Qxg7 32. Rxg7 Re8
33. Rg3 Bf4 $1 $19) 7. Nb3 (7. Nf3 {is a more quiet retreat, which is rarely
played. White's plan in this line is a >> pawn storm and therefore the N
usually goes to b3.} Be7 (7... Qc7 8. a4 Be7 9. Be2 O-O 10. O-O b6 11. Bg5 Nbd7
12. Nh4 g6 13. g3 Bb7 14. Ng2 Rfe8 15. Bf3 Rac8 16. Ne3 Qb8 17. Bxf6 Nxf6 18.
Re1 Rc5 19. Qd3 Rec8 20. Rad1 Bf8 21. h4 h5 22. Bg2 Qc7 23. Re2 Qd7 24. Red2
R8c7 25. Ra1 b5 26. axb5 axb5 27. Rdd1 Qe8 $11 {1/2,Adams,M-Svidler,P/Dortmund/
1998/}) 8. Bc4 O-O 9. O-O Be6 10. Qd3 b5 $1 11. Bxe6 fxe6 12. Ng5 Qc8 13. f4 h6
14. Nh3 Nbd7 15. f5 Nc5 16. Bxc5 Qxc5+ 17. Kh1 b4 18. Ne2 exf5 19. Rxf5 Rac8
20. Rc1 Qc4 $36 {Xie Jun-Van Wely,L/Pamplona/1999/}) 7... Be6 8. f3 Nbd7 ({
But Black has had success with the prophylactic} 8... h5 $5 {Later he either
castles >>, or even plays Kf8,g6,Kg7. In practice it has been difficult to
prove Black's >> is seriously weak, while White's play is considerably slowed
down.} 9. Qd2 Nbd7 10. O-O-O b5 11. Kb1 Be7 12. g3 $6 Nb6 13. Bxb6 Qxb6 14. Nd5
Bxd5 15. exd5 a5 16. Qd3 Rb8 17. Bh3 a4 18. Nd2 Qc5 19. Ne4 Nxe4 20. fxe4 Bg5
21. Rhf1 b4 22. Qa6 O-O 23. Qc6 Qe3 24. Qxd6 b3 25. cxb3 axb3 26. Rxf7 Qe2 $1
$19 {->,Xie Jun-Zhang Zhong/Shanghai/2000/}) ({The otherwise strategically
desirable} 8... d5 {here leads after} 9. exd5 Nxd5 10. Nxd5 Qxd5 (10... Bxd5
11. c4 Bb4+ 12. Kf2 {[%cal Yb3a5] _|_,׫}) 11. Qxd5 Bxd5 12. O-O-O $36 {
to an unpleasant _|_.}) 9. g4 {White avoids transposition into the
above-mentioned positions with} (9. Qd2 h5 $5) 9... Nb6 {A rare move. Black
sidesteps the more usual continuations.} (9... b5 10. g5 Nh5 ({The reputation
of} 10... b4 {has been damaged by Adams's} 11. Ne2 $1 Nh5 12. Qd2 Be7 13. Ng3
Nf4 14. h4 h6 15. Bxf4 exf4 16. Nh5 Bxb3 17. axb3 g6 18. Nxf4 hxg5 19. Nd5 Ne5
20. Be2 g4 21. f4 Bxh4+ 22. Kf1 Nf3 23. Qxb4 Bf6 24. Bxf3 gxf3 25. Kf2 $16 {
Fedorov,A-Topalov,V/EU-chT Batumi/1999/}) 11. Qd2 Nb6 12. Nd5 Nxd5 13. exd5 Bd7
14. Na5 Rc8 15. O-O-O Be7 16. Kb1 O-O 17. c4 Nf4 18. h4 Re8 19. Bxf4 exf4 20.
Nc6 Qb6 21. cxb5 axb5 22. Qxf4 Bxc6 23. dxc6 Rxc6 24. Bd3 $16 {[%csl Gd3,Re7]
^-->,Adams,M-Svidler,P/Tilburg/1998/}) (9... h6 {is the most played
alternative. Even here it makes sense to slow down White's >> expansion.} 10.
Qd2 b5 11. O-O-O Nb6 12. Qf2 Nc4 13. Bxc4 bxc4 14. Nc5 Qc7 15. N5a4 $5 Rb8 16.
h4 Qc6 17. g5 Nd7 18. a3 h5 $1 19. f4 (19. g6 $5 $44) 19... exf4 20. Bxf4 Be7
21. Qg3 Ne5 22. Bxe5 dxe5 23. Qxe5 O-O 24. Rd4 Rfe8 25. Rhd1 $13 {Movsesian,
S-Womacka,M/Bundesliga 9798/1998/ Although White went on to win a nice game,
this position certainly is not so clear. Although White's K is well protected
and he is a pawn up, his N are out of play and Black has an active ^^.}) 10.
Qd2 {Logical, weaker is the impatient} (10. g5 Nfd7 11. Qd2 h6 $5 {[%csl Rg5,
Rh2] and Black breaks up White's >>}) 10... d5 $5 $146 {[%mdl 8] With this
interesting novelty Black returns to the idea of the central break. As the
rather scarce practical material shows, he is well advised to act:} (10... Rc8
11. O-O-O Be7 12. Kb1 Qc7 13. h4 Nc4 14. Bxc4 Qxc4 15. g5 Nd7 16. Rh2 $5 b5 17.
Na5 Qc7 18. Nd5 Bxd5 19. exd5 Nb8 20. f4 $40 {Jedryczka,K-Hunt,A/EU-chU20
Patras/1999/}) 11. O-O-O $5 {[%mdl 512] Topalov aggressively reacts with a
piece sacrifice. Of course in a rapid blindfold game the degree of risk one
can indulge in is considerably higher. But Topalov played 4.Nxf7 in the
Petroff against Kramnik even in a tournament game!} (11. g5 $143 d4 $142 (11...
Nh5 $6 12. Bxb6 Qxb6 13. Nxd5 Bxd5 14. exd5 $16 (14. Qxd5 $2 Qe3+ 15. Be2 Nf4
$40 {/\} 16. Qxe5+ $2 Be7 17. Nc1 Rc8 18. c3 Qxe2+ $1 $19)) 12. gxf6 (12. Nxd4
exd4 13. Bxd4 Nh5 $17 {is an undesirable version of the game idea.}) 12... dxe3
13. Qxe3 gxf6 (13... g6 $5 14. Rd1 Nd7 15. Nd5 Bxd5 16. Rxd5 Qxf6 $132) 14. Rd1
Qc7 $13 {[%csl Rf1] /=/+,ץf1 and White is starting to miss his strong
dark-squared B.}) (11. Bxb6 Qxb6 12. Nxd5 (12. exd5 $143 $2 Rd8 13. Na4 Qc7 14.
c4 b5 $1 $17 {and White's [+] falls apart.}) {Also possible is} 12... Bxd5 (
12... Nxd5 13. exd5 O-O-O (13... Rd8 $6 14. Bc4 Qc7 15. dxe6 $1 Rxd2 16. exf7+
Ke7 17. Nxd2 $16) 14. Bc4 (14. Qc3+ Kb8 15. Qxe5+ Bd6 $44 {[%cal Re6d5] /\Bd5})
14... Qc7 15. Na5 Bc5 16. O-O-O Bd4 $1 $11 {Black regains his P and has at
least equality.}) 13. exd5 Rd8 14. Bc4 Qc7 $11 {/\} 15. Na5 Qb6 $1 16. Nb3 Qc7)
11... d4 12. Nxd4 $8 ({There is no way back now.} 12. Bf2 $2 Be7 13. Qe1 (13.
Ne2 $2 Nxe4 $1 14. fxe4 Bg5 $19) 13... Qc7 $17) 12... exd4 13. Bxd4 Be7 {
The crisis is approaching fast. Black logically tries to finish his
development, but interesting and perhaps even more promising was} (13... Qc7 $5
14. Qe3 Nbd7 {[%cal Re8c8] /\0-0-0 White must act} 15. Nd5 $5 Bxd5 $5 (15...
Qc6 16. g5 Nxd5 (16... Nh5 $5) 17. exd5 Qxd5 18. Bxg7 Qxd1+ 19. Kxd1 Bxg7 20.
Bc4 $14) 16. exd5+ Kd8 $13 {/=/+ Black's K is relatively safe in the [+] and
Black has good chances to coordiante his forces and gradually consolidate his
position.}) 14. Qe3 (14. h3 $143 $6 O-O (14... Qc7 15. Qe3 Nc4 16. Bxc4 Qxc4
17. f4 $44 {->>>}) 15. Qe3 Nfd7 $1 (15... Nbd7 $2 16. f4 $40 {is dangerous.})
16. f4 f6 $5 $15 {/-/+ Black has escaped with his minor pieces from the scope
of White's pawns.}) 14... Nbd7 15. h3 $1 $44 {[%csl Ge4,Re6,Gf3,Rf6,Gg4,Gh3]
Modest, but nevertheless the best move. White's compensation consists of his
threatening >> pawn phalanx, with Black's misplaced minor pieces in the way.} (
15. g5 Nh5 {/\} 16. f4 $2 Nxf4 $19) (15. Nd5 Bxd5 16. exd5 O-O $17) 15... Qa5 {
Black logically seeks active <=>.} (15... O-O 16. f4 $36) 16. f4 (16. Kb1 Rc8
$5 {[%cal Rc8c3] /\Rc3->} (16... O-O-O 17. f4 $44) (16... g5 17. h4 $1 Rg8 $13)
) 16... Bxa2 $1 {Consistent. The P is not as important as the counterattack.}
17. g5 Nh5 18. h4 (18. Be2 $2 Nxf4 $19) (18. Nxa2 Qxa2 19. Be2 Nxf4 $1 20. Qxf4
Qa1+ 21. Kd2 Qa5+ 22. Bc3 Bxg5 $17) 18... Rg8 $2 {[%mdl 8192] An atrocious
move, this R will stay out off play till the end of the game. Perhaps Ivanchuk
wanted to castle and made a mouse-slip (this is a blindfold game), putting his
R on g8 insted of the K?} (18... O-O $142 $1 19. Be2 g6 20. Bg4 Nc5 (20... Rfd8
$2 21. Bxd7 Rxd7 22. Bb6 $16) {The most sensible is} 21. Nxa2 (21. Bxh5 $2 gxh5
22. Nxa2 (22. Bf6 Rfe8 $1 $17) 22... Qxa2 23. Bxc5 Qa1+ 24. Kd2 Rfd8+ 25. Ke2
Qxb2 $17 {->}) (21. f5 $6 Rfd8 $15) 21... Qxa2 22. Bxc5 Bxc5 (22... Rad8 23.
Qa3 $14) 23. Qxc5 Nxf4 (23... Ng3 24. Rhe1 Qa1+ 25. Kd2 Qxb2 26. Ke3 $1 $16 {
/\Rb1}) 24. Qa3 $11) (18... O-O-O 19. Be2 $16 {/\} (19. Bh3 $6 Be6 20. f5 Bc4
$13) 19... g6 $2 20. Bxh8 Rxh8 21. Rxd7 $1 Kxd7 22. Qd4+ $18) 19. Bh3 Nc5 $6 (
19... Be6 $142 $5 20. f5 Bc4 21. Kb1 $142 $1 $36 (21. Bg4 Qa1+ 22. Kd2 Qxb2 23.
Rb1 Qa3 24. Bxh5 (24. Rxb7 $6 O-O-O $1 25. Rhb1 Bc5 {[%csl Rd2] עd2} 26. Bxh5
(26. f6 Be6) 26... Bxd4 27. Rc7+ (27. Qxd4 Nb6 28. Nd5 Bxd5 29. exd5 Qa5+ $1
$19 {[%cal Rc8b7] /\Kb7}) 27... Kxc7 28. Nd5+ Bxd5 29. Qxa3 Bc4 $17 {/-+})
24... O-O-O $13) 21... O-O-O (21... Ne5 22. b3 (22. Bb6 $5 Qb4 23. Qd4 $44)
22... Bd6 23. Nd5 $1 $40) (21... Rd8 22. Bg4 g6 23. b3 Bb5 24. Qf3 $40) 22. Bg4
g6 23. b3 {White gets his piece back, as the B can't retreat:} Bb5 $2 24. fxg6
hxg6 25. Bb6 Qb4 26. Rd4 Qa3 27. Nxb5 axb5 28. Ra4 $1 bxa4 29. Qc3+ $18) (19...
O-O-O $2 20. Bb6 Bc5 $8 21. Qxc5+ Qxc5 22. Bxd7+ Rxd7 23. Bxc5 $18) 20. Bg4 ({
Also playable was} 20. Nxa2 Qxa2 21. Bxc5 Qa1+ 22. Kd2 Rd8+ 23. Ke2 Qxb2 24.
Rxd8+ (24. Bxe7 $2 Qxc2+ $19 {as d1 is unprotected.}) 24... Bxd8 25. Qd2 $1
Qb5+ 26. Kf3 $18 {[%cal Rh1d1] /\Rd1-> Black's K doesn't have g7 at his
disposal, so the Bc5 is taboo.}) 20... g6 (20... Be6 {loses a piece:} 21. f5 $1
Qa1+ 22. Kd2 Qxb2 (22... Nb3+ 23. cxb3 Qxb2+ 24. Ke1 $18) 23. fxe6 Nxe6 24. Rb1
$1 Qa3 25. Bxh5 $18) 21. Nxa2 Qxa2 22. Bxc5 Qa1+ 23. Kd2 Rd8+ (23... Qxb2 $2
24. Bxe7 Kxe7 25. Qc5+ Ke8 26. Rb1 Rd8+ 27. Ke3 $18) (23... Qa5+ $142 24. b4
Rd8+ (24... Bxc5 25. bxa5 Bxe3+ 26. Kxe3 $18 {[%csl Rb7,Gg4,Rg8,Rh5] _|_}) 25.
Ke2 Qb5+ 26. Kf2 {Here White is also winning, but not by force.}) 24. Ke2 Qxb2
25. Kf3 $6 {An inaccuracy, which doesn't change the result.} (25. Bxe7 $1 Qxc2+
(25... Rxd1 26. Rxd1 Qxc2+ 27. Ke1 Kxe7 28. Qa3+ {leads to mate.}) 26. Ke1
Rxd1+ (26... Kxe7 27. Qa3+) 27. Bxd1 Qg2 28. Rg1 Nxf4 29. Bc5 $18) 25... Qxc2
26. Rxd8+ Bxd8 (26... Kxd8 $2 27. Qd4+) 27. Rc1 (27. Qd4 $2 Qb3+ $13) 27... Qh2
28. Rg1 $1 $18 {[%csl Re8] This calm move decides the game for good. White
stops Black's threats and starts the decisive attack on Black's K, trapped in
the [+].} (28. Bd7+ $2 Kxd7 29. Qd4+ Ke8 30. Qe5+ Kd7 $11) 28... Ba5 (28... Bc7
29. e5 {/\Qd4} Qc2 30. e6 f5 31. Bxh5 gxh5 32. Rc1 (32. Qd4 $2 Qb3+ 33. Kf2
Qa2+ $1 {/\Qe6}) 32... Qh2 33. Bd4 Qh3+ 34. Ke2 Qg2+ (34... Qxe3+ 35. Kxe3 Bd8
36. Bf6 $1 $18) 35. Kd3 Bd8 36. Rc8 $18 {->}) (28... Qc2 29. Qd4 Qb3+ 30. Kf2 {
The g3-square is already covered and White's K will hide on h1.} Qc2+ 31. Kf1
Qc1+ 32. Kg2) 29. Bd6 {Protects Pf4 and frees the Q for the mating attack.} Qd2
(29... Bd2 $2 30. Qc5) (29... Qb2 30. Rc1 Qh2 31. Rc8+ Bd8 32. Rxd8+ Kxd8 33.
Qb6+ Ke8 34. Bd7+ $1 Kxd7 35. Qc7+ Ke6 36. Qe7#) 30. Qxd2 Bxd2 31. Rd1 Ba5 32.
Rb1 b5 (32... b6 33. Rc1 b5 34. Ra1 {is the same.} (34. Rc8+ $5 $18)) 33. Ra1 {
Black will lose both his << P and still remain with an inactive R and K under
attack.} 1-0

[Event "Amber-blindfold 09th"]
[Site "Monte Carlo"]
[Date "2000.03.24"]
[Round "8"]
[White "Lautier, Joel"]
[Black "Ivanchuk, Vassily"]
[Result "1/2-1/2"]
[WhiteElo "2632"]
[BlackElo "2709"]
[Annotator "Ribli,Z"]
[PlyCount "52"]
[EventDate "2000.03.16"]
[EventType "tourn (rapid)"]
[EventRounds "11"]
[EventCountry "MNC"]
[EventCategory "18"]
[SourceTitle "CBM 076"]
[Source "ChessBase"]
[SourceDate "2000.05.31"]
[SourceVersion "1"]
[SourceVersionDate "2000.05.31"]
[SourceQuality "1"]

1. d4 Nf6 2. c4 e6 3. Nf3 d5 4. Nc3 dxc4 {Großmeister Ivanchuk spielt die
Wiener Variante gerne. Lange Jahre galt dieses System laut Theoire als klar
vorteilhaft für Weiß. Ende der 80er Jahre gelang es Ivanchuk, die ganze
Variante für Schwarz zu verbessern.} 5. e4 Bb4 6. Bg5 c5 7. Bxc4 {Auf
Großmeisterebene wird heute nur noch diese Variante gespielt.} cxd4 8. Nxd4
Bxc3+ 9. bxc3 Qa5 10. Bxf6 (10. Bb5+ $5 {Diese Fortsetzung lässt Weiß noch die
besten Chancen, aber wo genau der Vorteil von Weiß hier liegt, ist unklar.})
10... Qxc3+ 11. Kf1 gxf6 (11... Qxc4+ 12. Kg1 Nd7 (12... gxf6 $4 13. Rc1 $18 {
[%cal Rc1c8,Rc8h8]}) 13. Rc1 Qa6 14. Bxg7 Rg8 15. Bh6 $16) 12. Rc1 Qa5 (12...
Qb4 $6 13. Bxe6 $1 Nc6 $8 14. Nxc6 bxc6 15. Bxc8 Rxc8 16. h4 $1 $14 {Weiß hat
dank seiner gesunden Bauernstruktur die besseren Chancen (Ribli, Z - Beliavsky,
A Barcelona 1989).}) 13. h4 {[%cal Gh1h3,Gh3a3]} (13. Bb5+ {So beginnt die
bekannte Remisvariante - meines Erachtens ist hier alles forciert, Schwarz hat
keine Möglichkeit abzuweichen.} Ke7 (13... Nd7 $2 {Das ist ein aus der Theorie
bekannter Fehler.} 14. Rxc8+ Rxc8 15. Bxd7+ Ke7 16. Bxc8 Rxc8 17. h4 $18 {
[%cal Gh1h3,Gh3d3]}) 14. e5 fxe5 15. Qh5 Nd7 16. Qg5+ Kf8 17. Rxc8+ Rxc8 18.
Bxd7 Qd8 19. Nxe6+ fxe6 20. Qh6+ Kf7 21. Qxe6+ Kf8 22. Qf5+ Ke7) 13... Ke7 {
Schwarz muss sehr vorsichtig spielen - in einigen Varianten steht der König
schlecht in der Mitte. In dieser Variante jedoch hat er nichts zu befürchten.}
(13... Bd7 14. Rh3 Nc6 15. Nb5 Ne5 16. Nd6+ Ke7 17. Nxb7 Qb6 18. Rb3 Ba4 19.
Rxb6 Bxd1 20. Rbb1 {Dreev,A-Horvath,C/EU-chJ U20 1988/TD 88\09/1-0 (40)}) (
13... Nc6) 14. Rh3 Rd8 (14... Nc6 15. Nxc6+ bxc6 16. Rd3 Rb8 17. Kg1 Rd8 18. e5
fxe5 19. Qh5 Rxd3 20. Qg5+ $1 f6 (20... Kf8 21. Bxd3 Bd7 $2 (21... Rb4 $5) (
21... Qd5 $5) 22. Bxh7 Rb4 23. h5 Qd5 24. h6 e4 25. Qg7+ Ke7 26. Bg6 $18 {
Browne,W-Van Buskirk,C/Los Angeles 1997/Inf 71/[Browne,W] (26)}) 21. Qg7+ Kd6
22. Bxd3 Qd2 23. Qf8+ Kc7 24. Qc5 Bd7 25. Bxh7 Qb4 26. Qxa7+ Rb7 27. Qa6 Qxh4
28. Qa5+ Kc8 29. Bd3 Qb4 {1/2-1/2 Bagaturov,G-Palac,M/Batumi 1999/CBM 74 (34)})
15. Rd3 Nd7 $146 {Mit dieser Fortsetzung vermeidet Schwarz die theoretische
Haputvariante - und strebt mit dem Springer das Feld c5 oder e5 an.} (15... Nc6
16. Nxc6+ bxc6 17. e5 $5 $13 fxe5 18. Rxd8 Qxd8 19. Qf3 Qd6 {1/2-1/2 Gormally,
D-Wells,P/London 1997/CBM 62/[Ribli] (26)}) (15... Bd7 $2 16. e5 Qxe5 (16...
fxe5 17. Qh5 $40 Nc6 $2 18. Nf5+ $18) 17. Qb3 (17. Re3 Ba4 18. Qxa4 Qxd4 19.
Qb4+ Qd6 20. Qxb7+ Nd7 $13) 17... b6 (17... Nc6 18. Qa3+ Ke8 19. Nb5 $16) 18.
Re1 $40) 16. Nb3 Qb6 $13 {Schwarz hat einen Bauern mehr, sieht sich aber vor
Problemen bei der Entwicklung. Sein König steht etwas unsicher in der Mitte.
Weiß hat Angriffsmöglichkeiten, aber es ist nicht leicht, seine Stellung zu
verbessern.} (16... Qe5 {In einigen Varianten kann Schwarz Qh2 spielen (in
unserer konkreten Stellung hat Weiß Rh3), aber die Dame steht im Zentrum etwas
exponiert.} 17. Qd2 $44) 17. Qh5 {[%mdl 2048] Weiß aktiviert die Dame und
gewinnt zumindest den Ph7.} Ne5 (17... Nf8 $6 18. Rf3 $40) 18. Rxd8 (18. Rdc3
Bd7 $15) 18... Qxd8 19. Be2 Bd7 $5 {Eine gesunde Fortsetzung. Schwarz kümmert
sich nicht um den Ph7, sondern beendet seine Entwicklung.} (19... Qg8 $6 20. f4
Nd7 21. Qf3 $44) 20. Qxh7 Qb6 (20... Bc6 $5 $15 21. Rd1 $2 Qh8 22. Qxh8 Rxh8
23. f4 Ng6 24. g3 Bxe4 $17) 21. Qh6 $1 {[%mdl 256] Die Dame steht unglücklich
auf h7, deshalb muss sie zurückkehren.} Bc6 22. Qf4 Rh8 23. g3 (23. h5 {
Der h-Bauer ist nicht besonders gefährlich, und auf h5 kann er ein
Schwachpunkt werden.} Qb4) 23... Ng6 (23... Qb4 $11) 24. Qg4 $8 (24. Qf3 f5)
24... Ne5 25. Qf4 Ng6 26. Qg4 Ne5 {Remis durch Zugwiederholung.} 1/2-1/2

[Event "Amber-blindfold 09th"]
[Site "Monte Carlo"]
[Date "2000.03.26"]
[Round "9"]
[White "Ivanchuk, Vassily"]
[Black "Karpov, Anatoly"]
[Result "1-0"]
[WhiteElo "2709"]
[BlackElo "2696"]
[Annotator "Ribli,Z"]
[PlyCount "87"]
[EventDate "2000.03.16"]
[EventType "tourn (rapid)"]
[EventRounds "11"]
[EventCountry "MNC"]
[EventCategory "18"]
[SourceTitle "CBM 076"]
[Source "ChessBase"]
[SourceDate "2000.05.31"]
[SourceVersion "1"]
[SourceVersionDate "2000.05.31"]
[SourceQuality "1"]

1. d4 Nf6 2. c4 e6 3. g3 d5 4. Bg2 dxc4 {Normalerweise spielt Karpov die
klassische Variante mit 4...Be7 und 5...0-0. Vergessen wir nicht: das ist eine
Blindpartie!} 5. Nf3 a6 {Diese Variante ist in letzter Zeit sehr populär. Nach
sofortigem 5...Nc6 kann Weiß 6.Qa4 ziehen.} 6. O-O Nc6 7. Nc3 Rb8 {Das ist
Hauptidee von Schwarz in der Variante mit 5...a6 und 6...Nc6 - der Turm
verlässt die große "katalanische" Diagonale und ermöglicht damit u.U. b7-b5.}
8. e4 Be7 9. d5 Nb4 10. Ne5 exd5 (10... Nd3 11. Nxd3 cxd3 12. Qxd3 e5 13. Qc2
Bd6 14. Na4 Qe7 15. b3 {Lautier,J-Karpov,A/Ubeda (m/1) 1994 (25)} (15. Be3 $5
b5 (15... Ng4 $2 16. Ba7 $1 Ra8 17. Bc5 $16 {/\} b5 $2 18. Bxd6 cxd6 19. Nb6
$18) 16. Nc5 Ng4 17. Rac1 Nxe3 18. fxe3 $14)) 11. exd5 Bf5 12. a3 Nd3 (12...
Nc2 $2 13. Rb1 O-O 14. g4 $18) 13. Nxc4 Nxc1 (13... O-O $5 14. b4 Re8 15. h3
Nxc1 16. Rxc1 Bd6 17. Qd4 h5 18. Rfe1 Qd7 19. Kh2 Rxe1 20. Rxe1 Re8 21. Rxe8+
Qxe8 22. Nxd6 cxd6 23. a4 Qe1 24. a5 Nd7 25. Nd1 Ne5 26. f4 h4 27. Qe3 {
1-0 Gleizerov,E-Korneev,O/Malaga 2000/CBM 74 ext (36)}) 14. Rxc1 O-O 15. Qd4 {
Weiß hat spürbar Raumvorteil, aber Schwarz hat das Läuferpaar und eine solide
Stellung.} (15. b4 Re8 (15... Ne8 $5 16. h4 Nd6 17. Ne3 Bd7 18. Ne4 Nxe4 19.
Bxe4 f5 20. Bd3 f4 21. Qh5 g6 {Remis in Kachiani Gersinska,K-Basagic,V /
Cetinje/1991/}) 16. Qd4 (16. Re1 Bf8 17. Qd4 g6 18. Ne3 Bd7 19. Nc4 Bg7 20. Qd2
h5 21. h3 Rxe1+ 22. Rxe1 Qf8 23. d6 cxd6 24. Nxd6 h4 25. g4 {1/2-1/2 Kiss,
A-Horvath,C/HUN 1999/EXT 2000 (25)}) 16... Bd6 (16... Bf8 17. Rfd1 Qd7 18. Qf4
Bh3 19. d6 $1 {1-0 Filippov,V-Bashkov,V/Perm 1997/CBM 58/[Ribli] (33)}) 17.
Rfe1 Qd7 18. Rxe8+ Rxe8 (18... Qxe8 19. Qa7 Bd3 $11) 19. Ne3 Bg6 $6 (19... Bh3
20. Qa7 Bxg2 21. Kxg2 c6 $1 $11) 20. Qa7 {1-0 Haba,P-Arbakov,V/Chemnitz 1997/
Inf 70/[Haba,P] (43)}) 15... Nd7 $6 {[%mdl 16384] Die Alternative 15...Ne8 ist
viel natürlicher - der Springer kann auf d6 sehr gut blockieren.} (15... Ne8 $1
{[%cal Ge8d6]} 16. Rfd1 Bg5 17. Ne3 Nd6 18. h4 Bf6 19. Qf4 Bd7 20. Ng4 Bxg4 21.
Qxg4 Re8 22. Rc2 Be5 23. Na4 b6 24. Nc3 f5 25. Qg5 Qd7 26. Ne2 Ne4 27. Qc1 Re7
{1/2-1/2 Leski,M-Polak,T/Portoroz 1998/EXT 99 (27)}) 16. d6 Bxd6 (16... Bf6 $4
17. Qf4 $18 {[%cal Rd6c7,Rc7d8,Rf4f5,Rc7b8]}) 17. Nxd6 cxd6 18. Qxd6 $14 {
[%csl Gg2] Das ist ein für die Katalanische Eröffnung typisches Bild - der Bg2
steht ausgezeichnet und kontrolliert die Diagonale. Weiß hat leichten, aber
dauerhaften Vorteil - der schwarze Damenflügel ist angreifbar.} Qb6 (18... Nb6
19. Qc5 $14) (18... Re8 19. Qf4 $14) 19. Qxb6 Nxb6 20. Rfd1 Be6 (20... Nc4 $2
21. Nd5 $18 {[%cal Rc1c4,Rd5e7,Re7f5,Re7g8]}) 21. Nd5 Nxd5 (21... Bxd5 22. Bxd5
Rfd8 $2 23. Bxb7 $16) 22. Bxd5 Bxd5 (22... b5 23. Bxe6 fxe6 24. Rc6 $16 {
[%cal Rc6e6,Rc6a6]}) (22... Rfd8 23. Bxb7 $16) 23. Rxd5 {[%csl Gc1,Gd5][%mdl
4096] Weiß hat beide Türme auf den offenen Linien, dadurch ist er im Vorteil.
Die Frage ist: reicht das aus zum Gewinn, denn - das ist bekannt - in
Turmendspielen ist die Remiswahrscheinlichkeit groß.} g6 (23... Rfd8 24. Rxd8+
Rxd8 25. Rc7 $14) 24. Kg2 (24. Rc7 $14) 24... Rfc8 (24... Kg7 25. Rc7 $14) 25.
Rxc8+ Rxc8 26. Rd7 b5 {Das ist eigentlich ein Bauernopfer. In Turmendspielen
ist Aktivität sehr wichtig. Bei passiver Verteidigung wäre das Eingreifen des
weißen Königs tödlich für Schwarz.} (26... Rb8 27. Kf3 $16) 27. Rd6 a5 (27...
Ra8 28. Kf3 $16) 28. Rd5 b4 (28... Rb8 29. Kf3 $16) 29. axb4 (29. Rxa5 $6 Rc2
30. axb4 Rxb2 31. Rb5 $14) 29... axb4 30. Rb5 Rc4 31. Kf3 h5 32. Ke3 {Es droht
33.Kd3, und Weiß könnte den Pb4 gewinnen, ohne dass Schwarz zu Aktivität käme.}
Rc2 33. Rxb4 Kg7 34. h4 Kh6 35. Rb6 $1 {Der Turm steht aktiv auf b6 und
verhindert schwarzes Gegenspiel mit f6-g5.} Kg7 36. b4 Rc3+ (36... Rb2 37. b5
Kg8 38. Rb7 Kg7 39. Kd4 $1 $16) 37. Kd4 $1 $16 {Das ist ein Schlüsselmotiv in
diesem Endspiel - Weiß verteidigt nicht seinen f-Bauern, sondern aktiviert den
König, um die Partie mit seinem b-Bauer zu gewinnen. (Ein klassisches Beispiel
zu diesem Thema ist die Partie Spasski,B - Antoshin Sochi 1965, in der die
Bauern am Königsflügel und die Könige ebenso stehen wie hier. Der Unterschied
ist lediglich die Stellung der weißen Figuren auf der b-Linie. Dort steht der
Bauer auf b5, der weiße Turm auf b7, und auch dort gewinnt Weiß durch den Zug
Kd4!)} Rf3 {Hier gab es eine technische Pause. Karpov machte diesen Turmzug
nach kurzer Unterbrechung. Guter Rat ist hier aber schon teuer.} 38. Rc6 Rxf2
39. b5 {Der b-Bauer entscheidet die Partie. Schwarz kann praktisch nichts
machen, der Freibauer rückt mit Unterstützung des Turms und des Königs voran.}
Rb2 40. b6 $18 f6 41. Kc5 g5 42. Kd6 Kg6 43. Kc7 Rb4 (43... gxh4 44. gxh4 Kf5
45. b7 Rxb7+ (45... Kg4 46. Rb6 $18) 46. Kxb7 Kg4 47. Rc4+ Kg3 48. Kc6 f5 49.
Kd5 f4 50. Ke4 $18) 44. b7 {Schwarz gab das hoffnungslose Endspiel auf.} 1-0